Золотая долина Сибири: [история создания новосибирского Академгородка Сиб. отд-ния АН СССР]

Podrobná bibliografie
Hlavní autor: Ибрагимова З. М. Замира Мирзовна
Další autoři: Зайцев Е. Ф.
Shrnutí:Подарочное изд. в тканевом переплете с художественно оформленой металлической накладкой на верхней крышке переплета.
Jazyk:ruština
Vydáno: Новосибирск, Западно-Сибирское книжное издательство, 1982
Témata:
Médium: Kniha
KOHA link:https://koha.lib.tpu.ru/cgi-bin/koha/opac-detail.pl?biblionumber=226651

MARC

LEADER 00000nam0a2200000 4500
001 226651
005 20231101230739.0
010 |b 10000 экз. 
035 |a (RuTPU)RU\TPU\book\247038 
090 |a 226651 
100 |a 20121126d1982 m y0rusy50 ca 
101 0 |a rus 
102 |a RU 
105 |a a z 000zy 
200 1 |a Золотая долина Сибири  |e [история создания новосибирского Академгородка Сиб. отд-ния АН СССР]  |f З. М. Ибрагимова  |g оформление Е. Ф. Зайцева 
210 |a Новосибирск  |c Западно-Сибирское книжное издательство  |d 1982 
215 |a 126 с.  |c ил.  |d 10 см. 
300 |a Подарочное изд. в тканевом переплете с художественно оформленой металлической накладкой на верхней крышке переплета. 
606 |a Академия наук СССР  |2 stltpush  |3 (RuTPU)RU\TPU\subj\1608  |9 30348 
610 1 |a Сибирское отделение 
610 1 |a создание 
610 1 |a Новосибирск 
610 1 |a миниатюрные издания 
610 1 |a история 
686 |a Ч214(2)71  |v LBC/SL-A  |2 rubbk 
700 1 |a Ибрагимова  |b З. М.  |g Замира Мирзовна 
702 1 |a Зайцев  |b Е. Ф.  |4 130 
801 1 |a RU  |b 63413507  |c 20121126 
801 2 |a RU  |b 63413507  |c 20180703  |g RCR 
942 |c BK